<?xml version="1.0" encoding="UTF-8"?><?xml-stylesheet type="text/xsl" href="static/style.xsl"?><OAI-PMH xmlns="http://www.openarchives.org/OAI/2.0/" xmlns:xsi="http://www.w3.org/2001/XMLSchema-instance" xsi:schemaLocation="http://www.openarchives.org/OAI/2.0/ http://www.openarchives.org/OAI/2.0/OAI-PMH.xsd"><responseDate>2026-06-01T18:13:14Z</responseDate><request verb="GetRecord" identifier="oai:riuma.uma.es:10630/5593" metadataPrefix="marc">https://riuma.uma.es/rest/oai/request</request><GetRecord><record><header><identifier>oai:riuma.uma.es:10630/5593</identifier><datestamp>2026-02-03T11:59:29Z</datestamp><setSpec>com_10630_2254</setSpec><setSpec>col_10630_37959</setSpec></header><metadata><record xmlns="http://www.loc.gov/MARC21/slim" xmlns:dcterms="http://purl.org/dc/terms/" xmlns:doc="http://www.lyncode.com/xoai" xmlns:xsi="http://www.w3.org/2001/XMLSchema-instance" xsi:schemaLocation="http://www.loc.gov/MARC21/slim http://www.loc.gov/standards/marcxml/schema/MARC21slim.xsd">
   <leader>00925njm 22002777a 4500</leader>
   <datafield ind2=" " ind1=" " tag="042">
      <subfield code="a">dc</subfield>
   </datafield>
   <datafield ind2=" " ind1=" " tag="720">
      <subfield code="a">Sevilla-Hurtado, Lorenzo</subfield>
      <subfield code="e">author</subfield>
   </datafield>
   <datafield ind2=" " ind1=" " tag="720">
      <subfield code="a">Trujillo-Vilches, Francisco Javier</subfield>
      <subfield code="e">author</subfield>
   </datafield>
   <datafield ind2=" " ind1=" " tag="720">
      <subfield code="a">Marcos Bárcena, Mariano</subfield>
      <subfield code="e">author</subfield>
   </datafield>
   <datafield ind2=" " ind1=" " tag="260">
      <subfield code="c">2013</subfield>
   </datafield>
   <datafield ind2=" " ind1=" " tag="520">
      <subfield code="a">The arithmetical average roughness, Ra, is widely used to evaluate the quality of surface finish in machining parts. Its value depends on cutting parameters: cutting speed, feed and cutting depth. It is necessary to optimize the value of these parameters to achieve the desired quality, especially in the absence of cutting fluids.  In this work, a study of the superficial quality of test bars, turned in dry, of an AL-Zn UNS A97075 alloy is presented. The value of Ra has been analyzed along the axial machining length for a series of test-pieces obtained under different combinations of cutting parameters values. The obtained results confirm that feed has the biggest influence. Finally, a potential relationship between Ra, cutting parameters and machining time has been obtained. This relationship allows predicting the behavior of Ra in the range of cutting parameters considered, along the machining time.</subfield>
   </datafield>
   <datafield ind1="8" ind2=" " tag="024">
      <subfield code="a">Proceedings of MESIC 2013</subfield>
   </datafield>
   <datafield ind1="8" ind2=" " tag="024">
      <subfield code="a">http://hdl.handle.net/10630/5593</subfield>
   </datafield>
   <datafield tag="653" ind2=" " ind1=" ">
      <subfield code="a">Corte</subfield>
   </datafield>
   <datafield ind2="0" ind1="0" tag="245">
      <subfield code="a">Influence of the Axial Machining Length on Microgeometrical Deviations of Horizontally Dry-Turned UNS A97075 Al-Zn Alloy</subfield>
   </datafield>
</record>
</metadata></record></GetRecord></OAI-PMH>